000 01538cam a22002174a 4500
005 20250605163952.0
008 250528s ||||||||||||||||||||||||d
035 _a15398
020 _a134880803
040 _aGR-AtMCL
_bgre
_dGR-AtMCL
_eAACR2
245 1 _aIntroduction to Modern Business / Issues and Environment: Eighth Edition
250 _a8th
260 _bPrentice Hall Inc,
_c1981
300 _a224
520 _aStudy Guide and Applied Readings. Business and Its Environment, Business and Our Economic System, Business and Society, Ownership and Management and Organization, Business Ownership Forms, General Business Management, Organizational Structure and Behavior, Small-Business Management and Franchising, People and Production, Human Resources Management, Labor-Management Relations, Production and Operation Management, Physical Distribution and Energy, Marketing, The Marketing Process, Product Development and Marketing Channels, Pricing and Promotion Strategy, Financing and Insuring the Enterprise, Business and Finance Investments, Credit and the Banking System, Risk Management and Insurance, Information and Decision Making, Accounting and Financial Statements, Information Management and Computers, Lega Environment: Business Law and Ethics, The Government's Role in Business, International Business, Career Development in Business, Solutions to Self-Test Exercises.
700 1 _aHughes H. Eugene
_91316
700 1 _aMusselman A. Vernon
_91317
942 _cBK
999 _c982
_d982